Modern methods of valuation (Record no. 121216)

MARC details
000 -LEADER
fixed length control field 01231cam a22002655a 4500
001 - CONTROL NUMBER
control field K121216
008 - FIXED-LENGTH DATA ELEMENTS--GENERAL INFORMATION
fixed length control field 091001s2012 xxk f 001 0 eng d
020 ## - INTERNATIONAL STANDARD BOOK NUMBER
ISBN 9780728205086
035 ## - SYSTEM CONTROL NUMBER
System control number (Sirsi) u148552
041 0# - LANGUAGE CODE
Language code of text/sound track or separate title eng
100 1# - MAIN ENTRY--PERSONAL NAME
Personal author Shapiro, Eric
245 00 - TITLE STATEMENT
Title Modern methods of valuation
250 ## - EDITION
Edition statement 11th ed.
260 ## - PUBLICATION INFORMATION
Place of publication London
Publisher Estates Gazette
Date 2012
510 ## - CITATION/REFERENCES NOTE
Name of source Reflects current changes in the regulatory and statutory framework for property valuations as at June 2018 as well as providing an overview to principles and methodology in property valuation. Covers different approaches to valuation including income approach, discounted cash flow and cost approach and residual method as well as how to value different types of properties including residential and commercial. Includes valuation for rating, taxation and compulsory purchase. Worked examples and case studies.
520 ## - ABSTRACT
Abstract Supersedes 10th ed 9780728205086
521 ## - TARGET AUDIENCE NOTE
Target audience note Advanced
590 ## - LOCAL NOTE (RLIN)
Local note KA
651 #4 - SUBJECT ADDED ENTRY--GEOGRAPHIC NAME
Geographic name United Kingdom
690 ## - BROAD SUBJECT
Broad subject Valuation
9 (RLIN) 6273
700 1# - ADDED PERSONAL NAME
Added personal author Davies, Keith
700 1# - ADDED PERSONAL NAME
Added personal author Mackmin, David
856 ## - ONLINE RESOURCE
Uniform Resource Identifier <a href="https://www.vlebooks.com/">https://www.vlebooks.com/</a>
Public note View on VLEbooks. Logins for members only from [email protected]
942 ## - ADDED ENTRY ELEMENTS (KOHA)
Suppress in OPAC Do not suppress in OPAC
Holdings
Lost status Damaged status Not for loan Home library Current library Shelving location Date acquired Total Checkouts Full call number Date last seen Price effective from Koha item type
      Virtual Virtual Online 28/02/2020   EBOOK 28/02/2020 28/02/2020 Online material